000 01455cam a2200373 a 4500
999 _c3485
_d3485
003 OSt
005 20211117090325.0
008 090925s2011 maua 001 0 eng
020 _a9780073372198 (Lessons 1120)
020 _a0073372196 (Lessons 1120)
020 _a9780077344221 (Lessons 120)
020 _a0077344227 (Lessons 120)
020 _a9780077319366 (Lessons 160)
020 _a0077319362 (Lessons 160)
020 _a9780077319403 (Lessons 61120)
020 _a0077319400 (Lessons 61120)
040 _cDLC ALUPE UNIVERSITY COLLEGE
050 0 0 _aZ52.3
_b.G74 2011
100 1 _aOber, Scot,
_d1946-
245 1 0 _aGregg college keyboarding & document processing.
_nLessons 1-120 /
_cScot Ober, Jack E. Johnson, Arlene Zimmerly.
250 _a11th ed.
260 _aBoston :
_bMcGraw-Hill,
_cc2011.
300 _a1 v. (various pagings) :
_bill. (chiefly col.) ;
_c28 cm.
500 _aIncludes index.
650 0 _aWord processing
_vProblems, exercises, etc.
650 0 _aKeyboarding
_vProblems, exercises, etc.
650 0 _aCommercial correspondence
_vProblems, exercises, etc.
650 0 _aReport writing
_vProblems, exercises, etc.
700 1 _aJohnson, Jack E.
700 1 _aZimmerly, Arlene.
906 _a7
_bcbc
_corignew
_d1
_eecip
_f20
_gy-gencatlg
942 _2lcc
_cBK
_nPW